Физика и астрономия 9. клас (Запис номер 517070)
[ съкратено ]
| 000 -Лидер | |
|---|---|
| Лидер | 01223nam a2200277 a 4500 |
| 003 - Код на организацията, давaща контролен номер | |
| Код на организацията, даваща контролен номер | BLK |
| 005 - Дата и час на последна редакция | |
| Дата и час на последна редакция | 20240917083435.0 |
| 008 - Елементи от данни с фиксирана дължина | |
| Елементи с фиксирана дължина | 190129b bu ||||| |||| 00| 0 bu d |
| 020 ## - Международен стандартен номер на книга ISBN | |
| ISBN | 9789540144795 |
| 040 ## - Източник на каталожния запис | |
| Код на библиотеката | BLK |
| 041 ## - Код за език | |
| Език | Български |
| Език за КДБФ | Български |
| 080 ## - УДК | |
| УДК текст | Физика |
| УДК код | 53 |
| УДК – определител | (075.3) |
| УДК – код + определител | 53(075.3) |
| 100 ## - Редна дума - Автор | |
| Автор | Иванов, Виктор Генчев |
| R(LIN) | 1299 |
| 245 ## - Сведения за заглавието | |
| Заглавие | Физика и астрономия 9. клас |
| Подзаглавни данни | и втора част за 9. клас при обучение с интензивно изучаване на чужд език |
| Авторска отговорност | Виктор Генчев, Мариета Иванова |
| 250 ## - Област на изданието | |
| Поредност на изданието | 2. изд. |
| 260 ## - Област на издателските данни | |
| 9 (RLIN) | 209435 |
| Място на издаване | София |
| Име на издателя | Просвета |
| Година на издаване | 2024 |
| 300 ## - Физическа характеристика | |
| Брой страници | 84 с. |
| Илюстрации | с цв. ил. |
| Размер | 29 см |
| 380 ## - Жанр | |
| Жанр | Естествени науки. Математика |
| 500 ## - Общи забележки | |
| Обща забележка | Загл. в изд. каре: Физика и астрономия за 9. клас<br/>1. изд. 2018 |
| 650 #0 - Допълнително описание по предмет – тема | |
| 9 (RLIN) | 253505 |
| Предметна рубрика | Физика - учебници за средни училища |
| 700 ## - Други автори (авторска отговорност) | |
| 9 (RLIN) | 324876 |
| Друг автор | Иванова, Мариета Николова |
| Авт. отговорност на др. автор | съавт. |
| 852 ## - Местоположение | |
| Сигнатура (форматна) | Цб ІІ 33218 |
| Отдел | Хранилище |
| 942 ## - АРТИКУЛИ | |
| Вид на библиотечния документ | Книги |
| Скрит в OPAC | Не |
| 944 ## - СЪЗДАВАНЕ И РЕДАКЦИЯ на ЗАПИСА | |
| Дата на регистрацията/редакция | Кети Илиева |
| Служител, извършил регистрацията/редакцията | 30550 |
| Създаване/Редакция | |
| Номер на служител | Кети Илиева |
| 999 ## - СИСТЕМНИ КОНТРОЛНИ НОМЕРА | |
| Koha biblionumber | 517070 |
| Koha biblioitemnumber | 517070 |
| Код за отписване | Код за изгубен артикул | Източник на класификационната схема | Код за повреда | Коз за рестрикции | Код за отдаване | Артикулен № | Име на библиотеката - собственик | Име на библиотеката, в която се намира в момента | Статус (Текущо местоположение) | Дата на вписване в системата | Местоположение - отдел | Цена в лева | Инвентарен номер | Систематично азбучна сигнатура | Баркод | Цена в евро | Служебен тип на артикула |
|---|---|---|---|---|---|---|---|---|---|---|---|---|---|---|---|---|---|
| Не е изгубен | Universal Decimal Classification | Не е повреден | само за читалня | ползва се в читалня | 949147 | Регионална библиотека "Любен Каравелов" Русе | Регионална библиотека "Любен Каравелов" Русе | Хранилище | 2024-09-17 | Хранилище | 6.00 | 120000912499 | Цб ІІ 33218 | 120000912499 | 3.07 | Книги |